| 000 | 00804nam a2200241 4500 | ||
|---|---|---|---|
| 001 | 179183 | ||
| 003 | ES-MaACL | ||
| 005 | 20230911195933.0 | ||
| 008 | 110926s2000 ag |||| | spa d | ||
| 020 | _a950-786-268-4 | ||
| 080 | _a821.134.2(82) Borges, Jorge Luis 1.07 | ||
| 100 | 1 |
_aBalderston, Daniel. _9148064 |
|
| 245 | 1 | 0 |
_aBorges _b: realidades y simulacros / _cDaniel Balderston. |
| 260 |
_aBuenos Aires : _bBiblos, _c[2000] |
||
| 300 |
_a180 p. ; _c20 cm. |
||
| 490 | 1 | _aSeñales de la crítica | |
| 504 | _aBibliografía: p. 171-180. | ||
| 600 | 1 | 7 |
_aBorges, Jorge Luis- _xCrítica e interpretación. _930461 |
| 830 | 0 |
_aSeñales de la crítica _9224421 |
|
| 852 |
_aES-MaACL _jA-11558 _9186058 _bR.146338 _cDEPO1 _dOlim: N-4562 |
||
| 942 |
_2udc _cMONOGRAFIA |
||
| 999 |
_c179183 _d179183 |
||